University Home | Library Home | Institutional Repository

The Growth of Farming Communities in Africa from the Equator Southwards / (Record no. 116146)

MARC details
000 -LEADER
fixed length control field 00742cam a2200181 4500
008 - FIXED-LENGTH DATA ELEMENTS--GENERAL INFORMATION
fixed length control field 110601n 000 0 eng u
020 ## - INTERNATIONAL STANDARD BOOK NUMBER
International Standard Book Number 1872566103
035 ## - SYSTEM CONTROL NUMBER
System control number (Sirsi) a173252
050 ## - LIBRARY OF CONGRESS CALL NUMBER
Classification number DT 16. B2. A356 GRO 1996
245 ## - TITLE STATEMENT
Title The Growth of Farming Communities in Africa from the Equator Southwards /
Statement of responsibility, etc. by The British Institute in Eastern Africa, edited by J. E. G Sutton.
260 ## - PUBLICATION, DISTRIBUTION, ETC.
Place of publication, distribution, etc. Nairobi :
Name of publisher, distributor, etc. The British Institute in Eastern Africa,
Date of publication, distribution, etc. 1996
300 ## - PHYSICAL DESCRIPTION
Extent ix, 338p. :
Other physical details ill.
500 ## - GENERAL NOTE
General note the book is also available on CD-ROM
504 ## - BIBLIOGRAPHY, ETC. NOTE
Bibliography, etc. note The book has references at the end of each chapter
650 ## - SUBJECT ADDED ENTRY--TOPICAL TERM
Topical term or geographic name entry element Bantu Speaking People-- Farming.
700 ## - ADDED ENTRY--PERSONAL NAME
Personal name J. E. G. Sutton
710 ## - ADDED ENTRY--CORPORATE NAME
Corporate name or jurisdiction name as entry element The British Institute in Eastern Africa.

No items available.

© 2026 - The University of Zambia Library - Koha v25.11